Festivalový reportér : k ... Mezinárodnímu filmovému festivalu.
Uložené v:
| Korporatívny autor: | |
|---|---|
| Médium: | Časopis |
| Jazyk: | Czech |
| Vydané: |
Karlovy Vary :
Mezinárodní filmový festival,
1956-[1959].
|
| Tagy: |
Pridať tag
Žiadne tagy, Buďte prvý kto otaguje tento záznam!
|
Titul je dostupný aj v ... 

MARC
| LEADER | 00000nas a2200000 a 4500 | ||
|---|---|---|---|
| 001 | 000597708 | ||
| 003 | SVKKK | ||
| 005 | 20181018110924.0 | ||
| 008 | 010921d19561959xr uu pe cze | ||
| 040 | |a KE001 |b slo |e AACR2 | ||
| 041 | 0 | |a cze | |
| 044 | |a xr |c CZ | ||
| 245 | 0 | 0 | |a Festivalový reportér : |b k ... Mezinárodnímu filmovému festivalu. |
| 246 | 3 | 3 | |a Festival |
| 260 | |a Karlovy Vary : |b Mezinárodní filmový festival, |c 1956-[1959]. | ||
| 310 | |a Periodicita není známa | ||
| 362 | 0 | |a 1956-[1959] | |
| 710 | 2 | |a Medzinárodný filmový festival (Karlove Vary, Česko) | |
| 910 | |a KE001 |b C.1184 | ||
| 998 | |a SE | ||
| 090 | |g CASOS |k Sklad Pribinova suterén |a C.1184 |j 16413 |i 2720433715 |s Zviazaný časopis | ||
| 090 | |g CASOS |k Sklad Pribinova suterén |a C.1184 |j 86289 |i 2720433714 |s Zviazaný časopis | ||
| 090 | |g CASOS |k Sklad Pribinova suterén |a C.1184 |j 9494 |i 2720433713 |s Zviazaný časopis | ||